000 05514namaa2200469uu 4500
001 doab134993
003 oapen
005 20260305123954.0
006 m o d
007 cr|mn|---annan
008 240307s2024 xx |||||o ||| 0|spa d
020 _a9781003257134
020 _a9781003257134
020 _a9781032189635
020 _a9781032189642
024 7 _a10.4324/9781003257134
_2doi
040 _aoapen
_coapen
041 0 _aspa
042 _adc
720 1 _aNegueruela, Eduardo
_4edt
245 0 0 _aTeoría sociocultural y español LE/L2
260 _bTaylor & Francis
_c2024
300 _a1 online resource
336 _atext
_btxt
_2rdacontent
337 _acomputer
_bc
_2rdamedia
338 _aonline resource
_bcr
_2rdacarrier
490 1 _aRoutledge Advances in Spanish Language Teaching
506 0 _aFree-to-read
_fUnrestricted online access
_2star
520 _aTeoría sociocultural y español LE/L2 es una introducción académica a conceptos clave de la teoría sociocultural aplicada a la enseñanza y el aprendizaje de español como segunda lengua y lengua extranjera. Los capítulos han sido escritos por expertos de todo el mundo, tanto por investigadores y profesores de larga trayectoria como por nuevos investigadores. La obra ofrece una revisión detallada del impacto de las ideas socioculturales en la enseñanza y aprendizaje de español. Es el primer libro que se publica en español con este enfoque. En sus páginas se documenta la transformación que el enfoque sociocultural está produciendo en la enseñanza-aprendizaje de segundas lenguas, en su investigación y evaluación, y en la formación docente. La obra concibe el aprendizaje y el desarrollo como actividades socioculturales e interpersonales, y destaca el objetivo de la evaluación y de la investigación como herramientas de intervención dinámica para el aprendizaje y crecimiento y, finalmente, cómo un enfoque sociocultural ilumina la importancia de la mediación en los procesos de aprendizaje y desarrollo de la persona. El volumen tiene las siguientes características: Incluye una entrevista con James P. Lantolf, uno de los investigadores más prominentes de la teoría sociocultural aplicada a las segundas lenguas Un uso consistente de la terminología de la teoría sociocultural en español a lo largo de toda la obra Cada capítulo tiene una estructura homogénea, lo cual facilita su consulta No reproduce la literatura existente en inglés, sino que desarrolla propuestas teóricas y de investigación propias y novedosas Incluye un glosario, disponible en línea, de términos relevantes en la teoría sociocultural con breves definiciones Diseñado y pensado para aquellos sin conocimientos previos de la teoría, Teoría sociocultural y español LE/L2 ofrece explicaciones claras y accesibles sobre la TSC acompañadas de ejemplos concretos y aplicaciones prácticas para la clase de lenguas. Es un recurso esencial para cualquiera que enseñe español LE/L2, así como para quienes investiguen su adquisición.
520 _aTeoría sociocultural y español LE/L2 introduces the key concepts of sociocultural theory (SCT) as they apply to the teaching and acquisition of Spanish as a second and foreign language. Contributions from leading experts from across the globe, both well-established and emerging scholars, offer an in-depth view of how a sociocultural approach can impact the teaching and learning of Spanish. The first book on this subject to be written in Spanish, this unique volume examines the transformation that sociocultural ideas are producing and conceives learning and development as sociocultural and interpersonal activities. It highlights the objective of evaluation and research as dynamic intervention tools for learning and growth, the active role learners must play, and how a sociocultural approach illuminates the importance of mediation in the learning and development processes of the individual. Key features include: An interview with James P. Lantolf, one of the most prominent researchers in SCT applied to second languages A consistent use of sociocultural theory terminology in Spanish throughout A homogeneous chapter structure which makes it easy to consult Its own newly developed theoretical and research proposals An online glossary of relevant terms in sociocultural theory with brief definitions Designed for those with no prior knowledge of the subject area, Teoría sociocultural y español LE/L2 provides straightforward and accessible explanations of SCT accompanied by specific and practical applications for the language classroom. It is an essential resource for anyone teaching or studying to teach Spanish, as well as researchers in Spanish second language acquisition.
540 _aAll rights reserved
_uhttp://oapen.org/content/about-rights
546 _aSpanish
653 _aSociocultural theory,SCT,Spanish linguistics,Spanish as a second language,Spanish as a foreign language,Spanish language pedagogy,Second language acquisition
653 _athema EDItEUR::C Language and Linguistics::CJ Language teaching and learning
720 1 _aEscandón, Arturo
_4edt
720 1 _aEscandón, Arturo
_4oth
720 1 _aGarcia, Próspero
_4edt
720 1 _aGarcia, Próspero
_4oth
720 1 _aNegueruela, Eduardo
_4oth
793 0 _aDOAB Library.
856 4 0 _uhttps://directory.doabooks.org/handle/20.500.12854/134993
_70
_zFree-to-read: DOAB: description of the publication
999 _c93270
_d93270